000 00683nam a22001937a 4500
999 _c11376
_d11376
003 AR-CdUCM
008 190403b ||||| |||| 00| 0 spa d
040 _aMUNICIPALIDAD PROVINCIAL DEL CUSCO
_cBIBLIOTECA MUNICIPAL DEL CUSCO
082 _aES / 378 /
_bV39
100 _aVegas C., Hugo C.
_928701
245 _aExámenes de admisión solucionados :
_bUniversidad nacional de ingeniería /
260 _aLima :
_bCoveñas,
_c1998.
300 _c21 cm.
440 _aColección reunión de profesores de matemática.
_928702
505 _aContenido :Exámenes de admisión resueltos.
650 _aUniversidad nacional de ingeniería
_928703
942 _2ddc
_cLIBROS
945 _arum